000 01271cam a22003497a 4500
003 CHAP
005 20220329140240.0
008 971013c19741960 r 00010 d
010 _a49215
011 _a50187
035 _a54337
040 _cCHAP
082 _a573.2
_bR5Y 1957
100 0 0 _aRivet, Paul.
_997805
245 1 4 _aLos orígenes del hombre americano
260 _aMéxico, D. F. :
_bFondo de Cultura Económica,
_c1974 (c.1960)
300 _a198 p.
_b: láms.
490 0 _aColección popular
_v; 20
500 _aTrad. de la 2 ed. en francés de 1957
590 _aBATCH-UPD
_b10
_c20130110
_lUCH01
_h0526
590 _aBATCH-UPD
_b10
_c20130410
_lUCH01
_h0206
590 _aBATCH-UPD
_b10
_c20130914
_lUCH01
_h1005
590 _aCONVERSION
_b10
_c20130109
_lUCH01
_h1327
650 1 4 _aHombre
_xOrigen.
_956042
830 0 _aColección popular
_v; 20
_924953
901 _aBK
942 _cLIBRO
949 _a573.2 R5Y 1957
_bBC
_cLIBRO
_d-119967
_eLIBRO
_h40247
_i54337
_si
_t50.00
949 _a573.2 R5Y 1957
_bBC
_cLIBRO
_d-119968
_eLIBRO
_fc.2
_h40248
_i54337
_si
_t50.00
949 _a573.2 R5Y 1957
_bBC
_cLIBRO
_d33724000240958
_eLIBRO
_fc.3
_h69976
_i54337
_si
_t50.00
949 _a573.2 R5Y 1957
_bBC
_cLIBRO
_d33724000240966
_eLIBRO
_fc.4
_gI. c/e
_h78358
_i54337
_si
_t5.20
999 _c49215
_d49215